000 01371nam0a2200385 4500
001 RU\NLR\bibl\1366746
005 20260406051601.0
010 _a978-5-94856-495-1
_9300
021 _aRU
_b2009-20267
_91202
035 _a(nilc)RSL-KNO-004264116
035 _a(NLR Aleph) 001358900
090 _a968539
_c968539
100 _a20090318d2008 |||y0rusy50 ca
101 0 _arus
102 _aRU
105 _ay |||||||||
200 1 _aКавказская культура: особенности генезиса и тенденции развития
_eмонография
_fХ. Г. Тхагапсоев
210 _aСанкт-Петербург
_cАстерион
_d2008
215 _a221, [1] с.
_d20
320 _aБиблиогр. в конце кн. и в примеч.
607 _aКавказ
_xКультура
_92081142
_3RU\NLR\auth\661257108
686 _aТ3(2Р37)0-7,02
_2rubbk
686 _aТ52(241),02
_2rubbk
686 _aС556.56,0
_2rubbk
686 _aТ3(24)0-7
686 _aЧ114(24)
700 1 _4070
_8rus
_7ca
_aТхагапсоев
_bХ. Г.
_gХажисмель Гисович
_3RU\NLR\auth\776823
_9116770
801 0 _aRU
_bРГБ
_c20090318
_grcr
801 1 _aRU
_bРГБ
_c20090318
801 2 _aRU
_bNLR
_c20090507
_grcr
852 _aNLR
_bОНЛ
_j2009-3/15411
942 _cBOOK
980 _aNB